טוען...

Nehru: a study in secularism/

מידע ביבליוגרפי
מחבר ראשי: Balasubramanian, M.
פורמט: Printed Book
שפה:English
יצא לאור: New Delhi: Uppal, 1980
LEADER 00540nam a22001577a 4500
003 OSt
005 20200624134522.0
008 151014b xxu||||| |||| 00| 0 eng d
082 |a 923.254N BAL/N 
100 |a Balasubramanian, M. 
245 |a Nehru:   |b a study in secularism/  |c M. Balasubramanian 
260 |a New Delhi:  |b Uppal,  |c 1980 
300 |a 120p. 
942 |2 ddc  |c BK 
999 |c 322911  |d 322911 
952 |0 0  |1 0  |2 ddc  |4 0  |6 923_000000000000000_254N_BAL_N  |7 0  |9 369366  |a CSC  |b CSC  |c ST1  |d 2015-10-14  |i 4447  |l 0  |o 923.254N BAL/N  |p CSC4447  |r 2015-10-14  |w 2015-10-14  |y BK